000 00355nam a2200133 i 4500
001 bg
100 1 _aSŁOJEWSKI, Ryszard
245 0 _aZasady programowania rozwoju niektórych elementów rolnictwa... /
_cRyszard Słojewski.
260 _aSzczecin,
_c1980.
040 _cBPK
041 _apol
942 _cKS
008 s pl f |000 0 pol
999 _c19102
_d19102
856 _uhttp://koha.tu.koszalin.pl/cgi-bin/koha/opac-detail.pl?biblionumber=19102
_yKatalog online BPK